Rubber-to-metal bonding: The effect of oil immersion, heat ageing and water absorption on peel strength (Record no. 68319)

MARC details
000 -LEADER
fixed length control field 02131nam a2200205Ia 4500
100 ## - MAIN ENTRY--AUTHOR NAME
Personal name Jamal S N
245 #0 - TITLE STATEMENT
Title Rubber-to-metal bonding: The effect of oil immersion, heat ageing and water absorption on peel strength
260 ## - PUBLICATION, DISTRIBUTION, ETC. (IMPRINT)
Name of publisher Journal of Rubber Research
Year of publication 2014
300 ## - PHYSICAL DESCRIPTION
Number of Pages 69-79
500 ## - GENERAL NOTE
General note Source Year: 2014
520 ## - SUMMARY, ETC.
Summary, etc Rubber-to-metal bonded products find wide applications in the automotive industry where they are used as rubber springs. These products are exposed to heat, oil and water either deliberately or unintentionally during service. Studies were conduted to evaluate the peel strength of the rubber-to-metal bonded samples after they were subjected to oil immersion, heat ageing and water absorption. The vulcanisation systems and polarity of the rubber influenced the peel strength and durability of rubber-to-metal bonded samples. The conventional sulphur system gave higher peel strength and durability than the efficient vulcanisation (EV) system for both unaged and aged (70 degree C/14 days) samples. However, it is polarity of the rubber that is influenced most. The peel strength increased in an increasing order with polarity of the rubber, viz; NR<ENR25<ENR50<NBR because of the enhancement in interaction with the polar metal. The effect of polarity of the rubber on bond strength was marked after the samples were immersed in engine oil for seven days at ambient temperature. The peel strength increased in an increasing order with the polarity of the rubber. Apart from better interaction with the polar metal, polar rubber was more resistant to swelling than the non-polar rubber when immersed in hydrocarbon oil. Within the 30 days period of immersion in distilled water and salt water, there was no sign of deterioration of the peel strength. The amount of water absorbed was relatively low; thus the peel strength was relatively unaffected.
650 ## - SUBJECT ADDED ENTRY--TOPICAL TERM
Topical Term Conventional cure system
650 ## - SUBJECT ADDED ENTRY--TOPICAL TERM
Topical Term EV cure system
650 ## - SUBJECT ADDED ENTRY--TOPICAL TERM
Topical Term Hydrocarbon oil
650 ## - SUBJECT ADDED ENTRY--TOPICAL TERM
Topical Term Peel strength
700 ## - ADDED ENTRY--PERSONAL NAME
Personal name Ahmad M A
700 ## - ADDED ENTRY--PERSONAL NAME
Personal name Samsuri A
942 ## - ADDED ENTRY ELEMENTS (KOHA)
Koha item type Journals
Holdings
Withdrawn status Lost status Damaged status Not for loan Home library Current library Shelving location Date acquired Serial Enumeration / chronology Koha item type
      Journals RRII Library RRII Library Rubber technology 23/09/2014 Volume 17, Issue 2 Journals